000 nam a22 7a 4500
999 _c11158
_d11158
005 20250103150021.0
008 250103b ||||| |||| 00| 0 eng d
020 _a9786257955140
040 _aSESRIC
041 _aTur.
082 _a378.561
_bYUK 2021
245 _aYükseköğretime bakış 2021 :
_bizleme ve değerlendirme raporu /
_cSerkan Yurdakul, Büşra Yıldırım, Sümeyye Ayyüce Şahin
250 _a1. baskı Kasım 2021
260 _aAnkara :
_bEğitim Bir Sen Yayınları,
_c2021.
300 _a170 sayfa :
440 _a170 sayfa :
_ngrafik ;
650 0 _9922
_aEducation, higher
942 _2ddc
_cCR